| 000 | 00947nam a2200217 a 4500 | ||
|---|---|---|---|
| 003 | EG-GiCUC | ||
| 008 | 090124s2000 ua g 000 0 ara d | ||
| 040 |
_aEG-GiCUC _bara _cEG-GiCUC |
||
| 092 | 0 | 4 |
_a578.7 _bM9539 _221 |
| 099 |
_a04 _a578.7 M9539 |
||
| 245 | 0 | 0 |
_aمختصر المعلومات الاساسية لمخطط التنوع البيولوجى فى لبنان/ _cاعداد الاتحاد الدولى لصون الطبيعة-الاتحاد العالمى للصون؛جون مارش؛ترجمة المحجوب الهيبة |
| 260 |
_aلبنان: _bوزارة البيئة: _c2000 |
||
| 300 |
_a65ص؛ _c30سم |
||
| 650 | 7 |
_aالكائنات الحية _xتأثير البيئة على _2qrmak |
|
| 700 | 1 | _aالهيبة : المحجوب | |
| 700 | 1 | _aمارش : جون | |
| 902 | _a1 | ||
| 905 |
_aاميرة _eمدخل |
||
| 942 |
_2ddc _cBK |
||
| 999 |
_c111277 _d111277 |
||